00670nmc a2200241 a 4500003001200000005001700012008004100029020001800070040001600088100003400104245002200138250001200160260003200172300001100204490003300215500005900248650002500307650001200332650002900344653001400373653002600387655001500413AR-Y00000XR20251128211840.0157020s2005 ||||||||||||||000 | spa|| a950-04-2697-8 cAR-Y00000XR1 aBorges, Jorge Luisd1899-198610aEl libro de arena a1ª ed. aBuenos AiresbEmecéc20050 a171 p. 0aBiblioteca Jorge Luis Borges0 aEjemplar no. 143985: corresponde a la 24ª ed. de 2003 4aLITERATURA ARGENTINA 4aCUENTOS 4aLITERATURA CONTEMPORANEA 0aNARRATIVA 0aLITERATURA FANTASTICA aLITERATURA